00000000nam 2200000zi 4500
0019.940992
003CaOODSP
00520250122142706
006m     o  d f      
007cr mn|||||||||
008240724t20232023oncd    ob   f000 0 fre d
020 |a9780660729220
040 |aCaOODSP|bfre|erda|cCaOODSP
043 |an-cn-qu
0861 |aCi34-11/2-2024F-PDF
24500|aParcours des travailleurs étrangers temporaires qualifiés d'expression anglaise vers la résidence permanente : |bQuébec / |cDirection de la recherche et de la mobilisation des connaissances.
264 1|a[Ottawa] : |bImmigration, réfugiés et citoyenneté Canada = Immigration, Refugees and Citizenship Canada, |cmars 2023.
264 4|c©2023
300 |a1 ressource en ligne (43 pages) : |bgraphiques
336 |atexte|btxt|2rdacontent/fre
337 |ainformatique|bc|2rdamedia/fre
338 |aressource en ligne|bcr|2rdacarrier/fre
500 |aPublié aussi en anglais sous le titre : Pathways to permanent residency for English-speaking skilled temporary foreign workers - Quebec.
504 |aComprend des références bibliographiques (pages 40-42).
650 6|aTravailleurs étrangers|zQuébec (Province)
650 6|aImmigrants|zQuébec (Province)
650 6|aMinorités linguistiques|zQuébec (Province)
651 6|aFrancophonie|xÉmigration et immigration.
7101 |aCanada. |bImmigration, réfugiés et citoyenneté Canada, |eorganisme de publication.
77508|tPathways to permanent residency for English-speaking skilled temporary foreign workers - Quebec / |w(CaOODSP)9.940990
85640|qPDF|s898 Ko|uhttps://publications.gc.ca/collections/collection_2025/ircc/Ci34-11-2-2024-fra.pdf
8564 |qHTML|sS.O.|uhttps://www.canada.ca/fr/immigration-refugies-citoyennete/organisation/rapports-statistiques/recherche/parcours-des-travailleurs-etrangers-temporaires-qualifies-expression-anglaise-vers-la-residence-permanente-quebec.html